Quiz sur une carte - Alpes-Maritimes - Statistiques

Statistiques générales
  • Ce quiz a été pris 162 fois
  • Le résultat moyen est 13 sur 24
Réponses sur la Carte
Les réponses sont colorées sur une échelle allant du rouge au vert en fonction du pourcentage des utilisateurs qui les ont devinées à leur premier essai. Vous pouvez retrouver ces pourcentages ci-dessous.
 
Statistiques - réponses
Réponse % Correct
Nice
100%
Cannes
95%
Italie
87%
Antibes
84%
Monaco
82%
Le Var
81%
Var
81%
Alpes-de-Haute-Provence
70%
Grasse
66%
Mer Méditerranée
66%
Baie des {Anges}
63%
Parc national du Mercantour
59%
Isola 2000
57%
Cagnes-sur-Mer
56%
Hugo Lloris
53%
Golfe {Juan}
41%
Micromania-Zing
37%
Michèle Laroque
31%
Le Loup
21%
Parc naturel régional des Préalpes d'Azur
18%
Golfe de la {Napoul}
16%
Palais Bulles de Pierre Cardin
10%
Libération de Nice
3%
Siège de Nice
3%
Aucun quiz correspondant
Distribution des résultats
% des personnes avec chaque résultat
Percentile par nombre de réponses
Votre historique - résultats
Vous n’avez pas pris ce quiz